City floorspace survey (Record no. 112559)

MARC details
000 -LEADER
fixed length control field 00618cam a22001935a 4500
001 - CONTROL NUMBER
control field L153373
008 - FIXED-LENGTH DATA ELEMENTS--GENERAL INFORMATION
fixed length control field 110802s2011 xxk f 000 0 eng d
035 ## - SYSTEM CONTROL NUMBER
System control number (Sirsi) u153505
041 0# - LANGUAGE CODE
Language code of text/sound track or separate title eng
050 04 - LIBRARY OF CONGRESS CALL NUMBER
Classification number 711.552 $2 18
110 2# - MAIN ENTRY--CORPORATE NAME
Corporate name or jurisdiction name as entry element Ingleby Trice
9 (RLIN) 675
245 00 - TITLE STATEMENT
Title City floorspace survey
Remainder of title June 2011
260 ## - PUBLICATION, DISTRIBUTION, ETC.
Place of publication, distribution, etc. London
Name of publisher, distributor, etc. Ingleby Trice
Date of publication, distribution, etc. 2011
300 ## - PHYSICAL DESCRIPTION
Extent 11p.
Dimensions 30cm.
520 ## - SUMMARY, ETC.
Summary, etc. A monthly report which provides figures for floorspace availability and take up in the City and City Fringe.
651 #4 - SUBJECT ADDED ENTRY--GEOGRAPHIC NAME
Geographic name ENGLAND AND WALES
690 ## - LOCAL SUBJECT ADDED ENTRY--TOPICAL TERM (OCLC, RLIN)
Topical term or geographic name as entry element PROPERTY-COMMERCIAL PROPERTY-COMMERCIAL PROPERTY MARKET
942 ## - ADDED ENTRY ELEMENTS (KOHA)
Suppress in OPAC 0
Holdings
Withdrawn status Lost status Source of classification or shelving scheme Damaged status Not for loan Home library Current library Shelving location Date acquired Total Checkouts Full call number Barcode Date last seen Copy number Price effective from Koha item type
    Dewey Decimal Classification     London London Books 02/08/2011   711.552 ING 30075822 06/08/2019 1 06/08/2019 Book